| 000 | 00775nam a2200229 i 4500 | ||
|---|---|---|---|
| 001 | 190774 | ||
| 003 | ES-MaACL | ||
| 005 | 20240201134700.0 | ||
| 008 | 220704s2018 sp a 001 0cspa | ||
| 020 | _a978-84-949354-0-4 | ||
| 080 | _a929-055.2(460)"13/19" | ||
| 100 | 1 |
_aMárquez de la Plata, Vicenta María. _977021 |
|
| 245 | 1 | 0 |
_aDamas ilustres en la historia de España / _cVicenta Márquez de la Plata. |
| 260 |
_a[Madrid] : _bEdiciones Casiopea, _c[2018] |
||
| 300 |
_a446 p. : _bil. ; _c21 cm. |
||
| 500 | _aÍndice. | ||
| 504 | _aReferencias bibliográficas. | ||
| 650 | 4 |
_aMujeres- _zEspaña- _xBiografías. _9144907 |
|
| 852 | 4 |
_aES-MaACL _jA-14993 _9197956 _bR.153336 _cDEPO1 _dOlim: N-7993 _hDonación: Editorial |
|
| 942 | _2udc | ||
| 999 |
_c190774 _d190774 |
||